[Event "Titled Tuesday intern op 19th Dec Late"]
[Site "Chess.com INT"]
[Date "2023.12.19"]
[Round "2"]
[White "Prohorov, Olexandr"]
[Black "Cattaneo, Marco"]
[Result "1-0"]
[WhiteElo "2086"]
[BlackElo "2280"]
[PlyCount "103"]
[EventDate "2023.12.19"]
[EventType "swiss (blitz)"]
[EventRounds "11"]
[EventCountry "USA"]
[SourceTitle "EXT 2025"]
[Source "ChessBase"]
[SourceDate "2024.10.14"]
[SourceVersion "1"]
[SourceVersionDate "2024.10.14"]
[SourceQuality "1"]

1. e4 g6 2. h4 h5 3. Nf3 Bg7 4. Bc4 c6 5. Nc3 b5 6. Bb3 a5 7. a4 b4 8. Ne2 d5 9. exd5 cxd5 10. Nf4 Nf6 11. d4 Bg4 12. Qd3 0-0 13. Ne5 Bf5 14. Qe2 Qc7 15. 0-0 Nc6 16. Nf3 Bg4 17. Be3 e6 18. Nd3 Ne4 19. Rac1 Rab8 20. Bf4 Qd8 21. Bxb8 Nxd4 22. Qe3 Nf5 23. Qf4 Bxf3 24. Bc7 Qxh4 25. Qxh4 Nxh4 26. gxf3 Nxf3+ 27. Kg2 Nfd2 28. Rfe1 Rc8 29. Bf4 Nc4 30. Bxc4 dxc4 31. Rxe4 cxd3 32. cxd3 Rd8 33. Rd1 Bxb2 34. Be5 Ba3 35. Rc4 b3 36. Bf6 Rb8 37. Rb1 Kh7 38. Rc7 g5 39. Bxg5 Kg6 40. Bc1 Bd6 41. Rc3 h4 42. Kh3 Rb4 43. Rbxb3 Rxa4 44. Rc4 Ra2 45. Rg4+ Kf5 46. Rb5+ e5 47. Be3 Ra1 48. Kxh4 Rh1+ 49. Kg3 Rg1+ 50. Kf3 Rxg4 51. Rxa5 Ke6 52. Kxg4 1-0